Central Library OPAC University of Rajshahi

স্বাধীনতা সংগ্রামের নেপথ্য কাহিনী / (Record no. 47894)

MARC details
000 -LEADER
fixed length control field 00962nam a2200241 a 4500
001 - CONTROL NUMBER
control field 47894
003 - CONTROL NUMBER IDENTIFIER
rucl marc code BD-RjUL
005 - DATE AND TIME OF LATEST TRANSACTION
control field 20211212133053.0
008 - FIXED-LENGTH DATA ELEMENTS--GENERAL INFORMATION
fixed length control field 160810r19981986bg ||||| |||| 00| 0 ben d
020 ## - INTERNATIONAL STANDARD BOOK NUMBER
International Standard Book Number 9844014336
Terms of availability : Tk. 80.00
035 ## - SYSTEM CONTROL NUMBER
System control number (BD-RjUL)47894
040 ## - CATALOGING SOURCE
Original cataloging agency BD-RjUL
Language of cataloging ben
Transcribing agency BD-RjUL
041 ## - LANGUAGE CODE
Language code of text/sound track or separate title ben
082 ## - DEWEY DECIMAL CLASSIFICATION NUMBER
Classification number 323.2095492
Author mark and year AHS 1998
100 ## - MAIN ENTRY--PERSONAL NAME
Personal name আহমদ, বদরুদ্দিন
9 (RLIN) 145364
245 10 - TITLE STATEMENT
Title স্বাধীনতা সংগ্রামের নেপথ্য কাহিনী /
Statement of responsibility, etc. বদরুদ্দিন আহমদ
250 ## - EDITION STATEMENT
Edition statement ১ম আগামী প্রকাশনী সং.
260 ## - PUBLICATION, DISTRIBUTION, ETC. (IMPRINT)
Place of publication, distribution, etc. ঢাকা :
Name of publisher, distributor, etc. আগামী প্রকাশনী,
Date of publication, distribution, etc. ১৯৯৮
300 ## - PHYSICAL DESCRIPTION
Pagination ১১০, [১] পৃ. ;
Size ১৯ সেমি.
651 ## - SUBJECT ADDED ENTRY--GEOGRAPHIC NAME
Geographic name বাংলাদেশ
General subdivision ইতিহাস
Chronological subdivision ১৯০৫-১৯৭৫
9 (RLIN) 246937
Geographic name Bangladesh
General subdivision History
Chronological subdivision 1905-1975
9 (RLIN) 246938
942 ## - ADDED ENTRY ELEMENTS (KOHA)
Source of classification or shelving scheme Dewey Decimal Classification
Koha item type Books
Holdings
Lost status Source of classification or shelving scheme Damaged status Not for loan Collection code Permanent Location Current Location Shelving location Date acquired Source of acquisition Cost, normal purchase price Total Checkouts Full call number Date last seen Copy number Koha item type
  Dewey Decimal Classification     Non-fiction Central Library, University of Rajshahi Central Library, University of Rajshahi   12/01/1999 Agami Prokashana, Dhaka 80.00   B 323.2095492 AHS 1998 10/08/2016 C-2 Books
  Dewey Decimal Classification     Non-fiction Central Library, University of Rajshahi Central Library, University of Rajshahi   12/01/1999 Agami Prokashana, Dhaka 80.00   B 323.2095492 AHS 1998 10/08/2016 C-3 Books
  Dewey Decimal Classification   Not For Loan Non-fiction Central Library, University of Rajshahi Central Library, University of Rajshahi Reading Room 12/01/1999 Agami Prokashana, Dhaka 80.00   B 323.2095492 AHS 1998 11/08/2016 C-1 Books